Countries with a Grand Slam Title since 2000 - Statistics

General Stats
  • This quiz has been taken 734 times
    674 since last reset
  • The average score is 19 of 23
Answer Stats
Number of Victories Country % Correct
23x Spain
99%
40x USA
99%
3x Great Britain
98%
17x Serbia
97%
23x Switzerland
96%
4x Australia
95%
10x Russia
95%
3x Germany
89%
4x France
88%
2x Argentina
86%
2x Croatia
85%
2x Japan
85%
1x Canada
83%
2x Italy
83%
2x Brazil
80%
1x Sweden
80%
11x Belgium
78%
2x China
77%
2x Czech Republic
73%
1x Denmark
71%
2x Romania
68%
2x Belarus
65%
1x Latvia
53%
No matching quizzes found
Score Distribution
Percent of People with Each Score
Percentile by Number Answered
Your Score History
You have not taken this quiz since the last reset